[Event "Deutsche Ländermeisterschaft 2022"]
[Site "Wiesbaden GER"]
[Date "2022.10.02"]
[Round "4"]
[White "Basovskiy, Jana"]
[Black "Nechitaylo, Nikita"]
[Result "1/2-1/2"]
[Termination "normal"]
[Board "4.5"]
[WhiteElo "1858"]
[BlackElo "1651"]
[WhiteClock "00:02:07"]
[BlackClock "00:10:08"]
[WhiteTeam "Baden 1"]
[BlackTeam "Niedersachsen"]
[PlyCount "82"]
[WhiteFideId "16208617"]
[BlackFideId "34138161"]
[EventCountry "GER"]
[EventRounds "7"]
[EventType "team-swiss"]
[EventDate "2022.09.30"]

1. e4 {[%clk 1:30:57]} c5 {[%clk 1:30:56]} 2. Nf3 {[%clk 1:31:24]} Nc6 {[%clk
1:31:21]} 3. Bb5 {[%clk 1:31:48]} g6 {[%clk 1:31:47]} 4. Bxc6 {[%clk 1:31:51]}
dxc6 {[%clk 1:32:13]} 5. O-O {[%clk 1:32:07]} Bg7 {[%clk 1:32:17]} 6. h3 {[%clk
1:31:26]} e5 {[%clk 1:31:42]} 7. d3 {[%clk 1:31:43]} Qc7 {[%clk 1:30:01]} 8.
Be3 {[%clk 1:31:50]} b6 {[%clk 1:30:26]} 9. Nc3 {[%clk 1:30:39]} Nf6 {[%clk
1:30:42]} 10. Qd2 {[%clk 1:27:51]} Nd7 {[%clk 1:30:13]} 11. a3 {[%clk 1:26:48]}
Nf8 {[%clk 1:30:16]} 12. b4 {[%clk 1:21:58]} Ne6 {[%clk 1:29:06]} 13. Na4
{[%clk 1:18:27]} Nd4 {[%clk 1:24:49]} 14. Qd1 {[%clk 1:08:35]} cxb4 {[%clk
1:15:33]} 15. axb4 {[%clk 1:08:57]} O-O {[%clk 1:15:14]} 16. Nd2 {[%clk
0:51:07]} f5 {[%clk 1:05:07]} 17. f3 {[%clk 0:50:13]} f4 {[%clk 1:03:19]} 18.
Bf2 {[%clk 0:50:35]} Be6 {[%clk 1:02:02]} 19. c3 {[%clk 0:35:28]} Nb5 {[%clk
1:02:27]} 20. Nb3 {[%clk 0:35:46]} Rad8 {[%clk 1:01:13]} 21. Qc2 {[%clk
0:35:30]} Qf7 {[%clk 0:57:42]} 22. c4 {[%clk 0:34:43]} g5 {[%clk 0:48:55]} 23.
Rfb1 {[%clk 0:33:42]} Nd4 {[%clk 0:47:38]} 24. Nxd4 {[%clk 0:27:54]} exd4
{[%clk 0:47:48]} 25. Qa2 {[%clk 0:27:29]} g4 {[%clk 0:45:38]} 26. hxg4 {[%clk
0:27:19]} h5 {[%clk 0:46:03]} 27. gxh5 {[%clk 0:18:07]} Qxh5 {[%clk 0:46:06]}
28. Kf1 {[%clk 0:18:21]} b5 {[%clk 0:39:50]} 29. Nb2 {[%clk 0:16:34]} Rb8
{[%clk 0:28:17]} 30. Qb3 {[%clk 0:12:13]} c5 {[%clk 0:21:42]} 31. Qc2 {[%clk
0:11:26]} cxb4 {[%clk 0:20:54]} 32. cxb5 {[%clk 0:11:25]} Rfc8 {[%clk 0:18:20]}
33. Qd2 {[%clk 0:09:45]} Rxb5 {[%clk 0:16:41]} 34. Rc1 {[%clk 0:09:33]} Rxc1+
{[%clk 0:15:08]} 35. Rxc1 {[%clk 0:09:54]} Rc5 {[%clk 0:14:57]} 36. Rxc5 {[%clk
0:04:39]} Qxc5 {[%clk 0:15:25]} 37. Qxf4 {[%clk 0:04:57]} Qc2 {[%clk 0:14:19]}
38. Qb8+ {[%clk 0:04:37]} Kh7 {[%clk 0:13:02]} 39. Qxb4 {[%clk 0:02:36]} a5
{[%clk 0:10:58]} 40. Qb5 {[%clk 0:02:13]} Bb3 {[%clk 0:09:53]} 41. Qh5+ {[%clk
0:02:07]} Kg8 {[%clk 0:10:08]} 1/2-1/2

[Event "Deutsche Ländermeisterschaft 2022"]
[Site "Wiesbaden GER"]
[Date "2022.10.02"]
[Round "4"]
[White "Nizamova, Rita"]
[Black "Skembris, Simon Max"]
[Result "0-1"]
[Termination "normal"]
[Board "4.6"]
[WhiteElo "1813"]
[BlackElo "1540"]
[WhiteClock "00:57:43"]
[BlackClock "00:35:22"]
[WhiteTeam "Niedersachsen"]
[BlackTeam "Baden 1"]
[PlyCount "84"]
[WhiteFideId "16221940"]
[BlackFideId "16281381"]
[EventCountry "GER"]
[EventRounds "7"]
[EventType "team-swiss"]
[EventDate "2022.09.30"]

1. e4 {[%clk 1:30:30]} e5 {[%clk 1:30:56]} 2. Nc3 {[%clk 1:31:25]} Nf6 {[%clk
1:31:11]} 3. g3 {[%clk 1:31:51]} d5 {[%clk 1:31:32]} 4. exd5 {[%clk 1:32:12]}
Nxd5 {[%clk 1:31:55]} 5. Bg2 {[%clk 1:32:37]} Nxc3 {[%clk 1:32:09]} 6. bxc3
{[%clk 1:33:06]} Nc6 {[%clk 1:32:31]} 7. Nf3 {[%clk 1:33:32]} Bc5 {[%clk
1:32:42]} 8. O-O {[%clk 1:33:47]} O-O {[%clk 1:33:02]} 9. d3 {[%clk 1:33:40]}
Re8 {[%clk 1:32:12]} 10. Re1 {[%clk 1:33:54]} Bg4 {[%clk 1:30:50]} 11. h3
{[%clk 1:34:24]} Bh5 {[%clk 1:30:41]} 12. g4 {[%clk 1:34:52]} Bg6 {[%clk
1:30:36]} 13. Be3 {[%clk 1:35:21]} Bb6 {[%clk 1:28:56]} 14. Rb1 {[%clk
1:35:12]} Qd7 {[%clk 1:23:38]} 15. Nd2 {[%clk 1:34:24]} Rad8 {[%clk 1:21:53]}
16. Nc4 {[%clk 1:34:20]} f6 {[%clk 1:19:47]} 17. Nxb6 {[%clk 1:31:38]} axb6
{[%clk 1:20:07]} 18. f4 {[%clk 1:30:29]} Bf7 {[%clk 1:18:01]} 19. c4 {[%clk
1:28:51]} exf4 {[%clk 1:18:08]} 20. Bd2 {[%clk 1:28:05]} Qd4+ {[%clk 1:15:36]}
21. Kh1 {[%clk 1:25:22]} Rxe1+ {[%clk 1:15:24]} 22. Qxe1 {[%clk 1:25:50]} Re8
{[%clk 1:10:41]} 23. Be4 {[%clk 1:25:25]} g5 {[%clk 1:03:51]} 24. Bc3 {[%clk
1:25:11]} Qd6 {[%clk 1:03:29]} 25. Qf2 {[%clk 1:24:17]} Bxc4 {[%clk 0:58:19]}
26. Bxc6 {[%clk 1:23:20]} Qxc6+ {[%clk 0:58:39]} 27. Kg1 {[%clk 1:23:38]} Bxa2
{[%clk 0:56:13]} 28. Re1 {[%clk 1:22:32]} Kf7 {[%clk 0:48:20]} 29. Rxe8 {[%clk
1:21:41]} Qxe8 {[%clk 0:48:11]} 30. Qd4 {[%clk 1:21:37]} Qe6 {[%clk 0:47:52]}
31. Qe4 {[%clk 1:11:07]} Qxe4 {[%clk 0:46:43]} 32. dxe4 {[%clk 1:11:37]} Bb1
{[%clk 0:45:20]} 33. e5 {[%clk 1:12:05]} Bxc2 {[%clk 0:45:15]} 34. exf6 {[%clk
1:12:34]} c5 {[%clk 0:45:01]} 35. Be5 {[%clk 1:08:35]} b5 {[%clk 0:40:00]} 36.
Kf1 {[%clk 1:04:26]} b4 {[%clk 0:39:04]} 37. Ke1 {[%clk 1:04:54]} Be4 {[%clk
0:37:18]} 38. Kd2 {[%clk 1:03:25]} c4 {[%clk 0:35:44]} 39. h4 {[%clk 0:56:42]}
gxh4 {[%clk 0:34:58]} 40. Bxf4 {[%clk 0:57:05]} c3+ {[%clk 0:34:47]} 41. Ke3 b3
{[%clk 0:34:57]} 42. Kxe4 {[%clk 0:57:43]} b2 {[%clk 0:35:22]} 0-1

[Event "Deutsche Ländermeisterschaft 2022"]
[Site "Wiesbaden GER"]
[Date "2022.10.02"]
[Round "4"]
[White "Waffenschmidt, Lars"]
[Black "Jeschke, Jan"]
[Result "1-0"]
[Termination "normal"]
[Board "5.1"]
[WhiteTitle "FM"]
[WhiteElo "2302"]
[BlackElo "2146"]
[WhiteClock "00:31:41"]
[BlackClock "00:14:21"]
[WhiteTeam "Württemberg"]
[BlackTeam "Saarland"]
[PlyCount "89"]
[WhiteFideId "16244656"]
[BlackFideId "16225430"]
[EventCountry "GER"]
[EventRounds "7"]
[EventType "team-swiss"]
[EventDate "2022.09.30"]

1. e4 {[%clk 1:30:30]} c5 {[%clk 1:30:37]} 2. Nf3 {[%clk 1:31:19]} d6 {[%clk
1:30:45]} 3. d4 {[%clk 1:31:38]} cxd4 {[%clk 1:31:11]} 4. Nxd4 {[%clk 1:32:00]}
Nf6 {[%clk 1:31:31]} 5. Nc3 {[%clk 1:32:22]} a6 {[%clk 1:31:45]} 6. h3 {[%clk
1:32:37]} e6 {[%clk 1:29:41]} 7. g4 {[%clk 1:32:45]} Nfd7 {[%clk 1:30:05]} 8.
g5 {[%clk 1:30:55]} b5 {[%clk 1:28:02]} 9. a3 {[%clk 1:30:02]} Bb7 {[%clk
1:28:09]} 10. h4 {[%clk 1:27:48]} Nb6 {[%clk 1:22:22]} 11. h5 {[%clk 1:25:07]}
N8d7 {[%clk 1:15:30]} 12. Rh3 {[%clk 1:21:14]} Qe7 {[%clk 1:09:46]} 13. g6
{[%clk 1:05:16]} O-O-O {[%clk 1:05:18]} 14. gxf7 {[%clk 0:58:21]} Qxf7 {[%clk
0:31:56]} 15. Be3 {[%clk 0:54:08]} e5 {[%clk 0:26:19]} 16. Rf3 {[%clk 0:28:15]}
Qe8 {[%clk 0:16:08]} 17. Ndxb5 {[%clk 0:15:32]} axb5 {[%clk 0:15:49]} 18. Bxb6
{[%clk 0:15:14]} Nxb6 {[%clk 0:15:46]} 19. Nxb5 {[%clk 0:15:23]} Kb8 {[%clk
0:08:05]} 20. Qd2 {[%clk 0:15:22]} Nc8 {[%clk 0:03:46]} 21. Qa5 {[%clk
0:15:08]} Rd7 {[%clk 0:02:59]} 22. Bh3 {[%clk 0:13:35]} Qd8 {[%clk 0:02:09]}
23. Qa4 {[%clk 0:13:53]} d5 {[%clk 0:00:42]} 24. Bxd7 {[%clk 0:06:32]} Qxd7
{[%clk 0:01:09]} 25. O-O-O {[%clk 0:05:42]} d4 {[%clk 0:01:30]} 26. Rb3 {[%clk
0:05:24]} Bc5 {[%clk 0:01:18]} 27. Qc4 {[%clk 0:04:53]} Bb6 {[%clk 0:01:35]}
28. f4 {[%clk 0:04:47]} exf4 {[%clk 0:00:48]} 29. Nxd4 {[%clk 0:04:44]} Rd8
{[%clk 0:01:03]} 30. Rxb6 {[%clk 0:03:14]} Nxb6 {[%clk 0:01:05]} 31. Nc6+
{[%clk 0:03:43]} Bxc6 {[%clk 0:00:53]} 32. Rxd7 {[%clk 0:04:05]} Bxd7 {[%clk
0:00:35]} 33. Qd4 {[%clk 0:02:42]} Kb7 {[%clk 0:00:37]} 34. Qxg7 {[%clk
0:02:52]} f3 {[%clk 0:00:32]} 35. Qf6 {[%clk 0:03:01]} Re8 {[%clk 0:00:32]} 36.
Qxf3 {[%clk 0:03:10]} Bc6 {[%clk 0:00:35]} 37. Qf7+ {[%clk 0:03:34]} Ka6 {[%clk
0:00:47]} 38. b3 {[%clk 0:03:16]} Rxe4 {[%clk 0:00:35]} 39. Qxh7 {[%clk
0:03:32]} Rh4 {[%clk 0:00:35]} 40. h6 {[%clk 0:01:21]} Be4 {[%clk 0:00:36]} 41.
Qe7 {[%clk 0:01:00]} Rh1+ {[%clk 0:28:36]} 42. Kb2 {[%clk 0:31:14]} Bxc2 {[%clk
0:14:40]} 43. Qe2+ {[%clk 0:31:33]} Ka7 {[%clk 0:14:58]} 44. Qg2 {[%clk
0:31:41]} Be4 {[%clk 0:14:21]} 45. Qxh1 1-0

[Event "Deutsche Ländermeisterschaft 2022"]
[Site "Wiesbaden GER"]
[Date "2022.10.02"]
[Round "4"]
[White "Chassard, Cedric"]
[Black "Geltz, Noah"]
[Result "0-1"]
[Termination "normal"]
[Board "5.2"]
[WhiteElo "2042"]
[BlackElo "2142"]
[WhiteClock "00:12:36"]
[BlackClock "00:12:44"]
[WhiteTeam "Saarland"]
[BlackTeam "Württemberg"]
[PlyCount "72"]
[WhiteFideId "16243536"]
[BlackFideId "16224256"]
[EventCountry "GER"]
[EventRounds "7"]
[EventType "team-swiss"]
[EventDate "2022.09.30"]

1. e4 {[%clk 1:30:56]} c5 {[%clk 1:30:47]} 2. Nf3 {[%clk 1:31:21]} d6 {[%clk
1:31:04]} 3. Bb5+ {[%clk 1:31:43]} Bd7 {[%clk 1:31:00]} 4. Bxd7+ {[%clk
1:32:06]} Nxd7 {[%clk 1:30:57]} 5. O-O {[%clk 1:32:08]} Ngf6 {[%clk 1:31:10]}
6. Qe2 {[%clk 1:30:50]} e6 {[%clk 1:30:57]} 7. c3 {[%clk 1:31:05]} Be7 {[%clk
1:30:35]} 8. d4 {[%clk 1:30:57]} O-O {[%clk 1:28:03]} 9. Nbd2 {[%clk 1:20:18]}
cxd4 {[%clk 1:23:19]} 10. cxd4 {[%clk 1:20:15]} Rc8 {[%clk 1:20:59]} 11. Rd1
{[%clk 1:10:13]} Qa5 {[%clk 1:00:24]} 12. Nb3 Qb4 13. Bg5 {[%clk 1:06:57]} h6
{[%clk 0:54:49]} 14. Bh4 d5 {[%clk 0:45:40]} 15. e5 {[%clk 1:01:45]} Ne4 {[%clk
0:46:06]} 16. Bxe7 {[%clk 0:53:01]} Qxe7 {[%clk 0:40:55]} 17. Rac1 {[%clk
0:45:30]} Nb6 {[%clk 0:38:41]} 18. Ne1 {[%clk 0:44:58]} Nc4 {[%clk 0:38:57]}
19. f3 {[%clk 0:41:12]} Ng5 {[%clk 0:35:30]} 20. Rc2 {[%clk 0:41:12]} f6 21.
Nd2 {[%clk 0:36:24]} Nxd2 {[%clk 0:31:25]} 22. Rdxd2 {[%clk 0:35:50]} fxe5
{[%clk 0:27:46]} 23. Qxe5 {[%clk 0:34:07]} Nf7 {[%clk 0:25:58]} 24. Qe3 {[%clk
0:29:14]} Nd6 {[%clk 0:23:19]} 25. b3 Nf5 26. Qe5 {[%clk 0:25:45]} Qd6 {[%clk
0:16:35]} 27. Qxd6 {[%clk 0:25:50]} Nxd6 {[%clk 0:17:14]} 28. Kf2 {[%clk
0:21:13]} Ne4+ {[%clk 0:17:29]} 29. Ke3 {[%clk 0:20:48]} Nxd2 {[%clk 0:17:48]}
30. Kxd2 {[%clk 0:20:39]} Rxc2+ {[%clk 0:15:21]} 31. Kxc2 {[%clk 0:20:49]} b6
{[%clk 0:15:02]} 32. Nd3 {[%clk 0:20:55]} g5 {[%clk 0:14:39]} 33. Ne5 {[%clk
0:20:53]} Kg7 {[%clk 0:13:36]} 34. Kd2 {[%clk 0:18:27]} Rc8 {[%clk 0:13:25]}
35. Nd3 {[%clk 0:18:39]} Kf6 {[%clk 0:13:12]} 36. Ne5 {[%clk 0:12:36]} h5
{[%clk 0:12:44]} 0-1

[Event "Deutsche Ländermeisterschaft 2022"]
[Site "Wiesbaden GER"]
[Date "2022.10.02"]
[Round "4"]
[White "Jaskulski, Jan"]
[Black "Feidt, Jonas"]
[Result "0-1"]
[Termination "normal"]
[Board "5.3"]
[WhiteElo "1849"]
[BlackElo "1908"]
[WhiteClock "00:00:41"]
[BlackClock "00:02:39"]
[WhiteTeam "Württemberg"]
[BlackTeam "Saarland"]
[PlyCount "58"]
[WhiteFideId "21877807"]
[BlackFideId "16243617"]
[EventCountry "GER"]
[EventRounds "7"]
[EventType "team-swiss"]
[EventDate "2022.09.30"]

1. e4 {[%clk 1:30:38]} c6 {[%clk 1:30:50]} 2. Nf3 {[%clk 1:30:49]} d5 {[%clk
1:31:13]} 3. Nc3 {[%clk 1:31:15]} dxe4 {[%clk 1:31:26]} 4. Nxe4 {[%clk
1:31:43]} Nf6 {[%clk 1:31:48]} 5. Qe2 {[%clk 1:31:30]} Nxe4 {[%clk 1:31:57]} 6.
Qxe4 {[%clk 1:31:52]} Qa5 {[%clk 1:30:26]} 7. b4 {[%clk 1:31:30]} Qf5 {[%clk
1:27:13]} 8. Qd4 {[%clk 0:55:35]} Nd7 {[%clk 1:17:54]} 9. Bb2 {[%clk 0:49:38]}
Nf6 {[%clk 1:07:28]} 10. Bd3 {[%clk 0:42:57]} Qd5 {[%clk 0:52:37]} 11. c4
{[%clk 0:32:35]} Qxd4 {[%clk 0:51:11]} 12. Bxd4 {[%clk 0:32:43]} g6 {[%clk
0:37:45]} 13. O-O {[%clk 0:23:02]} Bg7 {[%clk 0:37:49]} 14. a4 {[%clk 0:19:10]}
O-O {[%clk 0:36:02]} 15. Be2 {[%clk 0:11:41]} Rd8 {[%clk 0:33:31]} 16. d3
{[%clk 0:10:52]} Bg4 {[%clk 0:28:47]} 17. Be5 {[%clk 0:05:02]} Nh5 {[%clk
0:21:22]} 18. Bxg7 {[%clk 0:05:06]} Kxg7 {[%clk 0:21:42]} 19. Rfd1 {[%clk
0:04:34]} Nf4 {[%clk 0:20:37]} 20. Ra2 {[%clk 0:04:56]} Bxf3 {[%clk 0:13:53]}
21. gxf3 {[%clk 0:03:44]} Rd4 {[%clk 0:11:40]} 22. Kf1 {[%clk 0:02:25]} Rad8
{[%clk 0:11:15]} 23. Ra3 {[%clk 0:02:07]} R8d7 {[%clk 0:05:21]} 24. b5 {[%clk
0:02:05]} Kf6 {[%clk 0:04:35]} 25. Ke1 {[%clk 0:00:55]} Ke5 {[%clk 0:03:27]}
26. Kd2 {[%clk 0:00:47]} Rxc4 {[%clk 0:02:27]} 27. Ke3 {[%clk 0:00:46]} Rc2
{[%clk 0:02:33]} 28. d4+ {[%clk 0:00:43]} Rxd4 {[%clk 0:02:28]} 29. Re1 {[%clk
0:00:41]} Ng2# {[%clk 0:02:39]} 0-1

[Event "Deutsche Ländermeisterschaft 2022"]
[Site "Wiesbaden GER"]
[Date "2022.10.02"]
[Round "4"]
[White "Hoppstädter, Daniel"]
[Black "Kocharin, Timur"]
[Result "1-0"]
[Termination "normal"]
[Board "5.4"]
[WhiteElo "1935"]
[BlackElo "1971"]
[WhiteClock "00:15:21"]
[BlackClock "00:25:06"]
[WhiteTeam "Saarland"]
[BlackTeam "Württemberg"]
[PlyCount "65"]
[WhiteFideId "16243625"]
[BlackFideId "16240936"]
[EventCountry "GER"]
[EventRounds "7"]
[EventType "team-swiss"]
[EventDate "2022.09.30"]

1. d4 {[%clk 1:30:30]} Nf6 {[%clk 1:30:31]} 2. Nf3 {[%clk 1:31:21]} e6 {[%clk
1:30:15]} 3. Bg5 {[%clk 1:31:40]} b6 {[%clk 1:29:55]} 4. Nbd2 {[%clk 1:28:21]}
Bb7 {[%clk 1:28:33]} 5. e4 {[%clk 1:26:46]} h6 {[%clk 1:28:35]} 6. Bxf6 {[%clk
1:26:30]} Qxf6 {[%clk 1:29:03]} 7. Bd3 {[%clk 1:26:28]} d6 {[%clk 1:27:45]} 8.
c3 {[%clk 1:25:45]} Nd7 {[%clk 1:26:43]} 9. O-O {[%clk 1:24:30]} g6 {[%clk
1:22:33]} 10. Re1 {[%clk 1:03:14]} e5 {[%clk 1:09:55]} 11. Qa4 {[%clk 0:56:10]}
a6 {[%clk 1:01:04]} 12. Rad1 {[%clk 0:49:53]} Bg7 {[%clk 0:57:05]} 13. Nf1
{[%clk 0:44:34]} b5 {[%clk 0:53:13]} 14. Qa5 {[%clk 0:39:11]} Nb6 {[%clk
0:52:31]} 15. a4 {[%clk 0:28:17]} bxa4 {[%clk 0:46:01]} 16. c4 {[%clk 0:26:48]}
O-O {[%clk 0:43:35]} 17. c5 {[%clk 0:24:53]} dxc5 {[%clk 0:42:29]} 18. dxc5
{[%clk 0:25:02]} Nd7 {[%clk 0:41:58]} 19. Bc2 {[%clk 0:25:27]} Bc6 {[%clk
0:37:37]} 20. Ne3 {[%clk 0:20:04]} Qe7 {[%clk 0:28:48]} 21. Nd5 {[%clk
0:16:52]} Qxc5 {[%clk 0:28:30]} 22. Qxc5 {[%clk 0:17:14]} Nxc5 {[%clk 0:28:54]}
23. Ne7+ {[%clk 0:17:38]} Kh7 {[%clk 0:28:14]} 24. Nxc6 {[%clk 0:18:01]} Rfe8
{[%clk 0:27:33]} 25. Rd5 {[%clk 0:18:02]} Ne6 {[%clk 0:26:25]} 26. Bxa4 {[%clk
0:17:33]} Nf4 {[%clk 0:26:22]} 27. Rd7 {[%clk 0:17:42]} Re6 {[%clk 0:26:13]}
28. g3 {[%clk 0:16:40]} Nh5 {[%clk 0:26:02]} 29. Rxf7 {[%clk 0:16:13]} a5
{[%clk 0:25:49]} 30. Rd1 {[%clk 0:16:03]} Kg8 {[%clk 0:24:45]} 31. Rxc7 {[%clk
0:16:16]} Rf6 {[%clk 0:25:05]} 32. Nfxe5 {[%clk 0:15:21]} Kh8 {[%clk 0:25:06]}
33. Rdd7 1-0

[Event "Deutsche Ländermeisterschaft 2022"]
[Site "Wiesbaden GER"]
[Date "2022.10.02"]
[Round "4"]
[White "Weishäutel, Moritz"]
[Black "Post, Hugo"]
[Result "1-0"]
[Termination "normal"]
[Board "6.1"]
[WhiteTitle "FM"]
[WhiteElo "2401"]
[BlackElo "2176"]
[WhiteClock "00:33:46"]
[BlackClock "00:06:49"]
[WhiteTeam "Thüringen"]
[BlackTeam "Sachsen-Anhalt"]
[PlyCount "77"]
[WhiteFideId "12967300"]
[BlackFideId "12962490"]
[EventCountry "GER"]
[EventRounds "7"]
[EventType "team-swiss"]
[EventDate "2022.09.30"]

1. d4 {[%clk 1:30:58]} Nf6 {[%clk 1:30:53]} 2. Nc3 {[%clk 1:31:23]} d5 {[%clk
1:30:43]} 3. Bf4 {[%clk 1:31:48]} Bf5 {[%clk 1:27:39]} 4. f3 {[%clk 1:31:12]}
Nc6 {[%clk 1:23:50]} 5. e3 {[%clk 1:26:48]} e6 {[%clk 1:21:35]} 6. g4 {[%clk
1:26:43]} Bg6 {[%clk 1:21:21]} 7. h4 {[%clk 1:26:47]} h5 {[%clk 1:18:53]} 8. g5
{[%clk 1:27:10]} Ng8 {[%clk 1:18:44]} 9. Qd2 {[%clk 1:23:06]} Bd6 {[%clk
1:07:47]} 10. Nge2 {[%clk 1:20:05]} Nge7 {[%clk 1:00:18]} 11. O-O-O {[%clk
1:18:50]} Na5 {[%clk 0:50:22]} 12. Bxd6 {[%clk 1:10:00]} Nc4 {[%clk 0:47:36]}
13. Qe1 {[%clk 1:09:12]} cxd6 {[%clk 0:42:12]} 14. Nf4 {[%clk 1:09:18]} Rc8
{[%clk 0:42:24]} 15. e4 {[%clk 1:03:00]} dxe4 {[%clk 0:38:51]} 16. fxe4 {[%clk
1:03:22]} Qa5 {[%clk 0:37:57]} 17. Bxc4 {[%clk 0:56:58]} Rxc4 {[%clk 0:38:03]}
18. Qe2 {[%clk 0:55:55]} b5 {[%clk 0:35:58]} 19. Rhf1 {[%clk 0:50:13]} O-O
{[%clk 0:33:39]} 20. Kb1 {[%clk 0:44:54]} Rfc8 {[%clk 0:33:01]} 21. Nxg6 {[%clk
0:44:27]} Nxg6 {[%clk 0:31:42]} 22. Qxh5 {[%clk 0:43:38]} b4 {[%clk 0:11:19]}
23. Rxf7 {[%clk 0:43:34]} Nf4 {[%clk 0:10:49]} 24. Rxf4 {[%clk 0:42:43]} bxc3
{[%clk 0:10:51]} 25. Qf7+ {[%clk 0:40:59]} Kh8 {[%clk 0:11:16]} 26. g6 {[%clk
0:40:09]} Rg8 {[%clk 0:08:58]} 27. Rdf1 {[%clk 0:39:12]} Rcc8 {[%clk 0:06:58]}
28. Rf5 {[%clk 0:34:40]} exf5 {[%clk 0:07:18]} 29. Rxf5 {[%clk 0:35:07]} Qxf5
{[%clk 0:06:38]} 30. Qxf5 {[%clk 0:35:31]} Rge8 {[%clk 0:07:04]} 31. Qh5+
{[%clk 0:35:55]} Kg8 {[%clk 0:07:32]} 32. Qh7+ {[%clk 0:36:19]} Kf8 {[%clk
0:08:00]} 33. Qh8+ {[%clk 0:36:44]} Ke7 {[%clk 0:08:27]} 34. Qxg7+ {[%clk
0:37:10]} Kd8 {[%clk 0:08:50]} 35. Qf6+ {[%clk 0:36:23]} Kc7 {[%clk 0:08:59]}
36. bxc3 {[%clk 0:34:43]} Rxe4 {[%clk 0:08:50]} 37. Qf7+ {[%clk 0:35:03]} Kc6
{[%clk 0:08:48]} 38. g7 {[%clk 0:33:20]} Rb8+ {[%clk 0:06:49]} 39. Kc1 {[%clk
0:33:46]} 1-0

[Event "Deutsche Ländermeisterschaft 2022"]
[Site "Wiesbaden GER"]
[Date "2022.10.02"]
[Round "4"]
[White "Pikalow, Michael"]
[Black "Müller, Magnus"]
[Result "0-1"]
[Termination "normal"]
[Board "6.2"]
[WhiteElo "2037"]
[BlackElo "2004"]
[WhiteClock "00:00:58"]
[BlackClock "00:17:24"]
[WhiteTeam "Sachsen-Anhalt"]
[BlackTeam "Thüringen"]
[PlyCount "126"]
[WhiteFideId "16227638"]
[BlackFideId "16230060"]
[EventCountry "GER"]
[EventRounds "7"]
[EventType "team-swiss"]
[EventDate "2022.09.30"]

1. e4 {[%clk 1:30:53]} c5 {[%clk 1:30:47]} 2. Nc3 {[%clk 1:31:21]} d6 {[%clk
1:31:11]} 3. d4 {[%clk 1:28:43]} cxd4 {[%clk 1:31:03]} 4. Qxd4 {[%clk 1:29:10]}
Nc6 {[%clk 1:31:24]} 5. Qd2 {[%clk 1:29:25]} e6 {[%clk 1:31:47]} 6. b3 {[%clk
1:29:45]} Nf6 {[%clk 1:32:13]} 7. Bb2 {[%clk 1:30:00]} d5 {[%clk 1:32:39]} 8.
exd5 {[%clk 1:22:28]} exd5 {[%clk 1:32:51]} 9. O-O-O {[%clk 1:19:31]} Be6
{[%clk 1:33:15]} 10. Nge2 {[%clk 1:07:47]} Qa5 {[%clk 1:23:17]} 11. f3 {[%clk
0:53:21]} Ba3 {[%clk 1:07:32]} 12. Nd4 {[%clk 0:47:29]} Rc8 {[%clk 0:56:25]}
13. Kb1 {[%clk 0:34:56]} Bb4 {[%clk 0:45:42]} 14. Nxe6 {[%clk 0:28:21]} fxe6
{[%clk 0:44:01]} 15. Qe3 {[%clk 0:28:26]} Kf7 {[%clk 0:37:26]} 16. Nb5 {[%clk
0:24:19]} a6 {[%clk 0:29:51]} 17. Nd4 {[%clk 0:23:49]} Nxd4 {[%clk 0:27:36]}
18. Qxd4 {[%clk 0:20:14]} Bc3 {[%clk 0:26:18]} 19. Bxc3 {[%clk 0:19:55]} Qxc3
{[%clk 0:25:07]} 20. Qxc3 {[%clk 0:18:44]} Rxc3 {[%clk 0:25:27]} 21. Rd3 {[%clk
0:17:42]} Rc7 {[%clk 0:24:02]} 22. Be2 {[%clk 0:10:55]} Rhc8 {[%clk 0:19:53]}
23. Rc1 {[%clk 0:11:10]} b5 {[%clk 0:14:33]} 24. g4 {[%clk 0:04:44]} Ke7 {[%clk
0:11:25]} 25. c4 {[%clk 0:01:59]} dxc4 {[%clk 0:09:50]} 26. bxc4 {[%clk
0:02:20]} Rxc4 {[%clk 0:08:52]} 27. Rxc4 {[%clk 0:02:00]} Rxc4 {[%clk 0:08:19]}
28. Ra3 {[%clk 0:02:23]} Rc6 {[%clk 0:08:38]} 29. Ra5 {[%clk 0:02:44]} Nd5
{[%clk 0:08:33]} 30. Bd3 {[%clk 0:01:28]} h6 {[%clk 0:07:03]} 31. Kb2 {[%clk
0:01:07]} Kd6 {[%clk 0:03:15]} 32. a4 {[%clk 0:00:56]} Nc7 {[%clk 0:03:39]} 33.
axb5 {[%clk 0:01:12]} axb5 {[%clk 0:04:06]} 34. Kb3 {[%clk 0:00:57]} Rc5 {[%clk
0:01:54]} 35. Be4 {[%clk 0:00:53]} Rc1 {[%clk 0:01:24]} 36. Ra2 {[%clk
0:00:50]} Kc5 {[%clk 0:01:17]} 37. Ra7 {[%clk 0:00:40]} Kd4 {[%clk 0:01:08]}
38. Bc2 {[%clk 0:00:36]} Nd5 {[%clk 0:00:49]} 39. Rxg7 {[%clk 0:00:46]} Re1
{[%clk 0:00:39]} 40. Be4 {[%clk 0:00:36]} Re3+ {[%clk 0:01:04]} 41. Kb2 {[%clk
0:29:41]} Re2+ {[%clk 0:31:21]} 42. Kb3 {[%clk 0:29:36]} Rxh2 {[%clk 0:30:11]}
43. Rb7 {[%clk 0:15:09]} Kc5 {[%clk 0:27:38]} 44. Rb8 {[%clk 0:15:21]} Nb6
{[%clk 0:24:38]} 45. Bd3 {[%clk 0:08:55]} Rf2 {[%clk 0:22:54]} 46. Rf8 {[%clk
0:08:29]} Nc4 {[%clk 0:20:52]} 47. Bxc4 {[%clk 0:03:57]} bxc4+ {[%clk 0:20:28]}
48. Kc3 {[%clk 0:04:26]} Kd5 {[%clk 0:19:58]} 49. Rf4 {[%clk 0:01:37]} Rf1
{[%clk 0:17:08]} 50. Rd4+ {[%clk 0:01:16]} Ke5 {[%clk 0:17:26]} 51. Re4+ {[%clk
0:01:25]} Kf6 {[%clk 0:17:24]} 52. f4 {[%clk 0:01:02]} Rg1 {[%clk 0:14:52]} 53.
g5+ {[%clk 0:01:02]} Kf5 {[%clk 0:14:01]} 54. Rxc4 {[%clk 0:00:48]} Rc1+ {[%clk
0:14:21]} 55. Kd3 {[%clk 0:01:14]} Rxc4 {[%clk 0:14:46]} 56. Kxc4 {[%clk
0:01:43]} hxg5 {[%clk 0:15:09]} 57. fxg5 {[%clk 0:02:04]} Kxg5 {[%clk 0:15:34]}
58. Kd3 {[%clk 0:02:10]} Kf5 {[%clk 0:16:00]} 59. Kd2 {[%clk 0:01:00]} Kf4
{[%clk 0:16:25]} 60. Kd3 {[%clk 0:00:55]} e5 {[%clk 0:16:36]} 61. Ke2 {[%clk
0:00:44]} Ke4 {[%clk 0:17:02]} 62. Kf2 {[%clk 0:01:01]} Kd3 {[%clk 0:17:24]}
63. Ke1 {[%clk 0:00:58]} Ke3 0-1